00712nam a2200241 a 4500001001300000003000900013005001700022008004100039020001000080082001600090100002500106245003600131260004200167300000900209500003500218505002400253650001900277700002500296902000800321942000700329952011700336999001700453nice12345678IN_TiNIC20260116013515.0050524s1969 dela grp 000 0 eng  ac20000a954.14bRAY aRayachaudhuri, Tapan aBengal Under Akbar and Jahangir aDelhibMunshiram Manoharlal Pubc1969 a268p aincludes index and biblioraphy2 aBibliography, Index aBengal-History1 aRayachaudhuri, Tapan bSRS cBK 001040708StackRoom-aHMIbHMId2007-08-01g200.00l0o954.14 RAYp018201r2007-08-01v200.00w2005-05-24yBK c11258d11258